Normal view
MARC view
Entry Personal Name
001 - CONTROL NUMBER
- control field: 47763
003 - CONTROL NUMBER IDENTIFIER
- control field: OSt
005 - DATE AND TIME OF LATEST TRANSACTION
- control field: 20160320140444.0
008 - FIXED-LENGTH DATA ELEMENTS
- fixed length control field: 160320|| aca||aabn | a|a d
040 ## - CATALOGING SOURCE
- Original cataloging agency: OSt
- Transcribing agency: OSt
100 ## - HEADING--PERSONAL NAME
- Personal name: डॉ सी.एल .गर्ग
670 ## - SOURCE DATA FOUND
- Source citation: Work cat.: (OSt)46348: डॉ सी.एल .गर्ग, सूचना एवं दूरसंचार प्रौघोगिकी, 2011









